00896cam a22002171 45000010005000000030008000050050017000130080039000300350018000690350018000870400044001050410008001490820026001571000020001832450107002032600067003103000053003775000104004305040104005346500040006385068BD-RjUL20211208234013.0131224s1963 mauac b 000 0 eng a(BD-RjUL)5104 a(OCoLC)666508 aDLCcFMFMdOCoLCdUkdDLCdBD-RjULbeng aeng00a368.973218bKEL 19631 aKeller, Morton.14aThe life insurance enterprise, 1885-1910 :ba study in the limits of corporate power /cMorton Keller. aCambridge :bBelknap Press of Harvard University Press,c1963. axii, 338 p. :billus., ports., tables. ;c25 cm. aA publication of the Center for the Study of the History of Liberty in America, Harvard University. a"Bibliographical note": p. [295]-298. Bibliographical references included in "Notes" (p. [299]-331) 0aInsurance companieszUnited States.